[Event "Cambridge Int Open 2023"]
[Site "Cambridge ENG"]
[Date "2023.02.16"]
[Round "3.13"]
[White "Gormally, Daniel W"]
[Black "Pousada Garcia, Daniel"]
[Result "1-0"]
[WhiteTitle "GM"]
[WhiteElo "2448"]
[BlackElo "2077"]
[WhiteFideId "406465"]
[BlackFideId "2278642"]
[EventDate "2023.02.15"]

1. d4 Nf6 2. c4 e5 3. dxe5 Ng4 4. Nh3 Nxe5 5. e3 Bb4+ 6. Bd2 Bxd2+ 7. Qxd2 d6 8.
Nf4 Nbd7 9. Nc3 Nb6 10. b3 Bf5 11. Be2 Ng6 12. Nh5 O-O 13. Qd4 f6 14. e4 Bd7 15.
O-O Bc6 16. f4 Qe7 17. Rae1 Rae8 18. Bd1 Nd7 19. Nd5 Bxd5 20. Qxd5+ Kh8 21. Ng3
c6 22. Qd4 Nh4 23. Qxa7 Nc5 24. Qa5 f5 25. exf5 Qf6 26. Qd2 Nxf5 27. Nxf5 Rxe1
28. Rxe1 Qxf5 29. Qxd6 Nd3 30. Bc2 Qxf4 31. Qxf4 Nxf4 32. Re7 g6 33. h4 Rd8 34.
Rxb7 Ne2+ 35. Kf2 Rd2 36. Be4 Rxa2 37. Ke3 c5 38. b4 cxb4 39. c5 Nc3 40. c6 Ra3
41. Kd4 Ne2+ 42. Kc4 b3 43. c7 1-0

[Event "Cambridge Int Open 2023"]
[Site "Cambridge ENG"]
[Date "2023.02.16"]
[Round "3.14"]
[White "Hutchinson, Norman A"]
[Black "Dong, Bao Nghia"]
[Result "0-1"]
[BlackTitle "FM"]
[WhiteElo "1974"]
[BlackElo "2361"]
[WhiteFideId "411540"]
[BlackFideId "12400343"]
[EventDate "2023.02.15"]

1. e4 e6 2. d4 d5 3. Nd2 c5 4. Ngf3 cxd4 5. exd5 Qxd5 6. Bc4 Qd6 7. O-O Nf6 8.
Nb3 Nc6 9. Nbxd4 Nxd4 10. Nxd4 Be7 11. c3 O-O 12. Re1 Rd8 13. Qf3 Qc7 14. Bb3
Bd7 15. Bf4 Bd6 16. Bxd6 Qxd6 17. Rad1 Qa6 18. Qd3 Qa5 19. Qf3 Rab8 20. Qf4 Rbc8
21. Nf3 Be8 22. Ne5 b5 23. a3 Qc7 24. Qe3 a5 25. h3 h6 26. Nf3 Qb7 27. Nd4 b4
28. cxb4 axb4 29. a4 Qa7 30. Nc2 Qxe3 31. Nxe3 Ne4 32. Bc2 Nc5 33. b3 Bc6 34. f3
Bd5 35. Nxd5 Rxd5 36. Rxd5 exd5 37. Rd1 Ne6 38. Bf5 g6 39. Bxe6 fxe6 40. Rd4 Rb8
41. Kf2 Kf7 42. Ke3 g5 43. h4 Kf6 44. hxg5+ hxg5 45. g3 Ke5 46. Rg4 Kf6 47. Rd4
Ke7 48. Rg4 Kd6 49. Kd2 Rf8 50. Ke2 Kc5 51. Ke3 Rf5 52. f4 gxf4+ 53. gxf4 Rh5
54. Rg3 Rh2 55. f5 d4+ 56. Ke4 Re2+ 57. Kd3 Rb2 58. Ke4 exf5+ 59. Kxf5 Kd5 60.
Kf4 Rf2+ 61. Rf3 Re2 62. Rh3 Re4+ 63. Kf5 Re3 0-1

[Event "Cambridge Int Open 2023"]
[Site "Cambridge ENG"]
[Date "2023.02.16"]
[Round "3.15"]
[White "Dasgupta, Avyukt"]
[Black "Golubovic, Boris"]
[Result "1/2-1/2"]
[BlackTitle "IM"]
[WhiteElo "1888"]
[BlackElo "2349"]
[WhiteFideId "480630"]
[BlackFideId "14502160"]
[EventDate "2023.02.15"]

1. d4 Nf6 2. Bf4 g6 3. e3 Bg7 4. Nf3 O-O 5. Be2 d6 6. c4 c5 7. Nc3 Nh5 8. d5
Nxf4 9. exf4 e6 10. Qd2 exd5 11. Nxd5 Be6 12. O-O Nc6 13. Rad1 Bxd5 14. cxd5 Ne7
15. Bd3 Rb8 16. a4 a6 17. Rfe1 b5 18. axb5 axb5 19. Re2 Qd7 20. Rde1 Bf6 21. Ng5
Nf5 22. Bxf5 Qxf5 23. Ne4 Bd4 24. h3 Kh8 25. Nxd6 Qxd5 26. Ne4 b4 27. Nf6 Qc6
28. Ng4 Rbd8 29. Qc2 Qd5 30. Ne3 Qa8 31. Nc4 1/2-1/2

[Event "Cambridge Int Open 2023"]
[Site "Cambridge ENG"]
[Date "2023.02.16"]
[Round "3.16"]
[White "Adams, Henry"]
[Black "Villiers, Thomas"]
[Result "1/2-1/2"]
[BlackTitle "CM"]
[WhiteElo "1738"]
[BlackElo "2186"]
[WhiteFideId "464562"]
[BlackFideId "427209"]
[EventDate "2023.02.15"]

1. e4 c6 2. d4 d5 3. e5 Bf5 4. Nd2 e6 5. Nb3 Nd7 6. Nf3 Ne7 7. Be2 Bg4 8. O-O
Nf5 9. Ne1 Bxe2 10. Qxe2 h5 11. Bd2 Be7 12. a4 Rc8 13. Nd3 b6 14. Rac1 c5 15. c4
dxc4 16. Rxc4 cxd4 17. Rfc1 Rxc4 18. Rxc4 Nc5 19. Nbxc5 bxc5 20. Qe4 Qd5 21.
Nxc5 Qxe4 22. Nxe4 O-O 23. Ng3 1/2-1/2

[Event "Cambridge Int Open 2023"]
[Site "Cambridge ENG"]
[Date "2023.02.16"]
[Round "3.17"]
[White "Bonn, Thomas"]
[Black "Gardiner, Eric D"]
[Result "1/2-1/2"]
[WhiteElo "2189"]
[BlackElo "1883"]
[WhiteFideId "638242"]
[BlackFideId "435880"]
[EventDate "2023.02.15"]

1. d4 d5 2. Nf3 Nf6 3. c4 e6 4. g3 dxc4 5. Bg2 c5 6. O-O Nc6 7. Qa4 Bd7 8. Qxc4
b5 9. Qd3 c4 10. Qc2 Be7 11. e4 O-O 12. Rd1 Nb4 13. Qe2 Nd3 14. Nbd2 Rc8 15. e5
Nd5 16. Ne4 Nxc1 17. Rdxc1 1/2-1/2

[Event "Cambridge Int Open 2023"]
[Site "Cambridge ENG"]
[Date "2023.02.16"]
[Round "3.18"]
[White "Bradbury, Neil H"]
[Black "Kemp, Paul R"]
[Result "1-0"]
[WhiteTitle "IM"]
[WhiteElo "2200"]
[BlackElo "1984"]
[WhiteFideId "400513"]
[BlackFideId "415251"]
[EventDate "2023.02.15"]

1. d4 d5 2. c4 c6 3. Nf3 Nf6 4. Qc2 dxc4 5. Qxc4 Bf5 6. Nc3 e6 7. e3 Nbd7 8. Be2
h6 9. O-O Be7 10. a4 a5 11. Rd1 Qc7 12. h3 O-O 13. Bf1 Rfd8 14. Qe2 Ne4 15. Nxe4
Bxe4 16. Bd2 Nb6 17. Bc3 Bd5 18. Nd2 c5 19. Rdc1 Nd7 20. e4 cxd4 21. Bb4 d3 22.
Qf3 Ne5 23. Qg3 Bc6 24. Bxe7 Qxe7 25. Qxe5 Qb4 26. Qc3 1-0

[Event "Cambridge Int Open 2023"]
[Site "Cambridge ENG"]
[Date "2023.02.16"]
[Round "3.19"]
[White "Crocker, Philip J"]
[Black "Murawski, Jan"]
[Result "1-0"]
[WhiteElo "2128"]
[BlackElo "1708"]
[WhiteFideId "403180"]
[BlackFideId "21009287"]
[EventDate "2023.02.15"]

1. d4 Nf6 2. c4 e6 3. g3 d5 4. Nf3 Be7 5. Bg2 O-O 6. O-O dxc4 7. Qc2 Bd7 8. Qxc4
Bc6 9. Nc3 Ne4 10. Bf4 Bd6 11. Rac1 Bxf4 12. gxf4 Nxc3 13. Rxc3 Nd7 14. Ne5 Nxe5
15. dxe5 Bxg2 16. Kxg2 Rc8 17. Rd3 Qe7 18. Qe4 b6 19. Rfd1 Rcd8 20. a3 Rxd3 21.
Qxd3 Qe8 22. Qd7 Qxd7 23. Rxd7 Rc8 24. e4 g6 25. f5 exf5 26. exf5 gxf5 27. Kf3
Kg7 28. Kf4 Kg6 29. Rd3 f6 30. e6 h5 31. Rg3+ Kh6 32. Kxf5 Re8 33. f4 c5 34.
Kxf6 Rf8+ 35. Ke5 1-0

[Event "Cambridge Int Open 2023"]
[Site "Cambridge ENG"]
[Date "2023.02.16"]
[Round "3.20"]
[White "Banerjee, Supratit"]
[Black "Walker, Martin G"]
[Result "0-1"]
[BlackTitle "FM"]
[WhiteElo "1740"]
[BlackElo "2133"]
[WhiteFideId "2410079"]
[BlackFideId "410969"]
[EventDate "2023.02.15"]

1. e4 Nf6 2. e5 Nd5 3. d4 d6 4. c4 Nb6 5. exd6 cxd6 6. Nf3 g6 7. b3 Bg7 8. Bb2
O-O 9. Be2 Nc6 10. O-O e5 11. d5 Ne7 12. Nbd2 Re8 13. Qc1 f5 14. Rd1 Nd7 15. b4
b6 16. a4 a5 17. b5 Bb7 18. Nf1 h6 19. Rb1 Rc8 20. Qd2 Nc5 0-1

[Event "Cambridge Int Open 2023"]
[Site "Cambridge ENG"]
[Date "2023.02.16"]
[Round "3.21"]
[White "Wall, Tim P"]
[Black "Soulier, Alfred"]
[Result "1-0"]
[WhiteTitle "FM"]
[WhiteElo "2239"]
[BlackElo "1722"]
[WhiteFideId "401641"]
[BlackFideId "486264"]
[EventDate "2023.02.15"]

1. e4 c5 2. Nf3 d6 3. c3 Nf6 4. Be2 Nc6 5. d4 cxd4 6. cxd4 e6 7. Nc3 d5 8. e5
Nd7 9. O-O a6 10. Bd3 Be7 11. Re1 b5 12. Be3 Bb7 13. a4 b4 14. Ne2 Rc8 15. Rc1
O-O 16. Nf4 Re8 17. Bb1 Qb6 18. Nh5 Na5 19. Rxc8 Rxc8 20. Ng5 Nf8 21. Nxg7 Ng6
22. Nh5 Qd8 23. Qg4 Nc4 24. Nxe6 Nxe3 25. fxe3 Qe8 26. Nef4 Rc7 27. e6 Rc6 28.
Bf5 Kh8 29. exf7 Qxf7 30. Be6 Qf8 31. Qxg6 hxg6 32. Nxg6+ Kh7 33. Nxf8+ Bxf8 34.
Bxd5 Rb6 35. Bxb7 Rxb7 36. Rc1 Bh6 37. Nf4 Rd7 38. Rc4 a5 39. Kf2 Kg7 40. Kf3
Kf7 41. h4 Kg7 42. g4 Kf7 43. g5 Bf8 44. h5 Bg7 45. h6 Bh8 46. g6+ Kf6 47. g7
Bxg7 48. hxg7 Kxg7 49. Rc7 Rxc7 50. Ne6+ Kf6 51. Nxc7 Ke7 52. b3 Kd6 53. Nb5+
Ke6 54. Ke4 Kf6 55. d5 Ke7 56. Ke5 Kd7 57. d6 Ke8 58. Ke6 Kd8 59. Nd4 Ke8 60.
Nc6 Kf8 61. d7 Kg7 62. Ne5 Kh6 63. d8=Q Kg7 64. Qg5+ Kf8 65. Nd7+ Ke8 66. Qg8# 1-0

[Event "Cambridge Int Open 2023"]
[Site "Cambridge ENG"]
[Date "2023.02.16"]
[Round "3.22"]
[White "Shafi, Declan"]
[Black "Gamal, Alaa"]
[Result "1-0"]
[WhiteElo "2201"]
[BlackElo "1725"]
[WhiteFideId "2405156"]
[BlackFideId "469114"]
[EventDate "2023.02.15"]

1. d4 d5 2. Nf3 Nf6 3. g3 Bg4 4. Bg2 Bxf3 5. Bxf3 e6 6. O-O Bd6 7. c4 c6 8. Nc3
Nbd7 9. e4 dxe4 10. Nxe4 Nxe4 11. Bxe4 Nf6 12. Bg2 O-O 13. Bd2 e5 14. Bc3 exd4
15. Qxd4 Qc7 16. Rfe1 Rfe8 17. Rxe8+ Rxe8 18. Qxa7 Be5 19. Bxe5 Rxe5 20. Qd4 Qe7
21. Bf3 Nd7 22. Kg2 Kf8 23. Rd1 Nf6 24. a3 Ke8 25. Qa7 Qc7 26. Qa8+ Ke7 27. Qh8
g6 28. b4 h5 29. Qh6 Qc8 30. Qf4 Qe6 31. h4 Rf5 32. Qc7+ Kf8 33. Qd6+ Qxd6 34.
Rxd6 Ke7 35. Rd1 Re5 36. a4 c5 37. Bxb7 cxb4 38. Rb1 Kd6 39. Rxb4 Nd7 40. Bd5 f6
41. a5 Re2 42. Ra4 Nc5 43. Ra3 Na6 44. Re3 Rxe3 45. fxe3 Kc7 46. Bf7 g5 47. Bxh5
Nb4 48. Be8 Nc2 49. Kf2 Na3 50. Bb5 Nc2 51. h5 Nb4 52. Ke2 1-0

[Event "Cambridge Int Open 2023"]
[Site "Cambridge ENG"]
[Date "2023.02.16"]
[Round "3.23"]
[White "Norris, Anthony"]
[Black "Fava, Lorenzo"]
[Result "0-1"]
[WhiteElo "1917"]
[BlackElo "2089"]
[WhiteFideId "2077779"]
[BlackFideId "2837434"]
[EventDate "2023.02.15"]

1. e4 c6 2. Nc3 d5 3. Nf3 Bg4 4. d4 dxe4 5. Nxe4 Bxf3 6. Qxf3 Qxd4 7. Bd3 Nd7 8.
c3 Qd5 9. Bc2 Ngf6 10. O-O Nxe4 11. Bxe4 Qa5 12. Be3 Qc7 13. Rfd1 e6 14. Rd2 Be7
15. Rad1 Nf6 16. Bf4 Qb6 17. Bb1 O-O 18. c4 Rad8 19. Be5 Rxd2 20. Rxd2 Qa5 21.
Bc3 Bb4 22. Bxb4 Qxb4 23. Qd3 g6 24. a3 Qe7 25. g3 c5 26. Kf1 Rc8 27. Ke2 Rc7
28. Qd8+ Qxd8 29. Rxd8+ Kg7 30. f3 Nd7 31. Ke3 Ne5 32. b3 Rd7 33. Ra8 b6 34. Bc2
f5 35. Rc8 Nf7 36. Rc6 Kf6 37. f4 Rd6 38. Rc7 a5 39. h3 h6 40. Rb7 e5 41. Rb8
exf4+ 42. gxf4 g5 43. Kf3 h5 44. fxg5+ Nxg5+ 45. Kg3 Ne6 46. Rh8 Rd2 47. Rh6+
Ke5 48. Bxf5 Kxf5 49. Rxh5+ Kg6 50. Re5 Kf6 51. Re3 Nd4 52. Kf4 Rb2 0-1

[Event "Cambridge Int Open 2023"]
[Site "Cambridge ENG"]
[Date "2023.02.16"]
[Round "3.24"]
[White "Blinov, Roman"]
[Black "Waller, Dan"]
[Result "0-1"]
[WhiteElo "1731"]
[BlackElo "2117"]
[WhiteFideId "343104478"]
[BlackFideId "451053"]
[EventDate "2023.02.15"]

1. d4 d5 2. Bf4 Nf6 3. e3 c5 4. Nf3 Nc6 5. Nbd2 e6 6. c3 Nh5 7. Be5 f6 8. Bg3
Nxg3 9. hxg3 Qb6 10. b3 Bd7 11. Bd3 f5 12. Ng5 Be7 13. Rxh7 Rxh7 14. Nxh7 O-O-O
15. Nf3 Qa5 16. Qc2 Rh8 17. Nhg5 Rh1+ 18. Bf1 cxd4 19. O-O-O dxc3 20. Nf7 Kb8
21. N7e5 Nb4 22. Nxd7+ Ka8 23. Qe2 Qa3+ 24. Kb1 c2+ 25. Qxc2 Nxc2 26. Kxc2 Qxa2+
27. Kc3 Qxf2 0-1

[Event "Cambridge Int Open 2023"]
[Site "Cambridge ENG"]
[Date "2023.02.16"]
[Round "3.25"]
[White "Pert, Nina"]
[Black "Golubovic, Erik"]
[Result "1-0"]
[WhiteTitle "WCM"]
[WhiteElo "2009"]
[BlackElo "1887"]
[WhiteFideId "456853"]
[BlackFideId "14586908"]
[EventDate "2023.02.15"]

1. e4 c5 2. Nc3 g6 3. Nf3 Bg7 4. d4 cxd4 5. Nxd4 d6 6. Be3 Nf6 7. f3 O-O 8. Qd2
Nc6 9. O-O-O d5 10. Nxc6 bxc6 11. Bh6 Bxh6 12. Qxh6 Rb8 13. e5 Nd7 14. Rd4 Re8
15. e6 Nf6 16. exf7+ Kxf7 17. Rf4 e5 18. Rh4 Qb6 19. b3 Bd7 20. Bd3 Qc5 21. Kb2
Rb4 22. g4 Qf8 23. Qg5 Qg7 24. Rf1 Kg8 25. a3 Rbb8 26. Qd2 e4 27. Be2 exf3 28.
Bxf3 Ne4 29. Qd3 Nxc3 30. Qxc3 Qxc3+ 31. Kxc3 Re3+ 32. Kd2 Rbe8 33. g5 R8e7 34.
Rb4 Bh3 35. Rf2 Bf5 36. a4 Kg7 37. a5 Bc8 38. Be2 R3e5 39. Rb8 Rc7 40. h4 h6 41.
gxh6+ Kxh6 42. Rf8 Be6 43. a6 Rf5 44. Rb7 Rff7 45. Rfb8 Rxb7 46. axb7 Kg7 47.
Rg8+ Kxg8 48. b8=Q+ Kh7 49. Qd6 Bd7 50. Bd3 1-0

[Event "Cambridge Int Open 2023"]
[Site "Cambridge ENG"]
[Date "2023.02.16"]
[Round "3.26"]
[White "Bowers, Francis J"]
[Black "Itgelt, Khuyagtsogt"]
[Result "0-1"]
[WhiteElo "1855"]
[BlackElo "2158"]
[WhiteFideId "438383"]
[BlackFideId "4902912"]
[EventDate "2023.02.15"]

1. e4 e6 2. d4 d5 3. Nc3 Bb4 4. Qg4 Nf6 5. Qxg7 Rg8 6. Qh6 dxe4 7. Ne2 Nbd7 8.
Qe3 Nb6 9. Ng3 Nbd5 10. Qd2 h5 11. a3 Bxc3 12. bxc3 h4 13. Ne2 Ng4 14. Nf4 Qd6
15. Nxd5 exd5 16. Qf4 Qc6 17. Qd2 Bf5 18. h3 Nf6 19. a4 O-O-O 20. Qe3 Bd7 21.
Bb5 Qe6 22. Bf1 Rg6 23. a5 a6 24. Rb1 Nh5 25. c4 dxc4 26. Qe2 Ng7 27. Qxc4 Qxc4
28. Bxc4 Be6 29. Rb4 Rxd4 30. Bxe6+ Nxe6 31. c3 Rxb4 32. cxb4 Rxg2 33. Kf1 Rg8
34. Ke2 f5 35. Ke3 Rd8 36. Ke2 Rd3 37. f4 Nd4+ 38. Kf2 Rf3+ 39. Kg2 Ne2 40. Bd2
Nxf4+ 41. Bxf4 Rxf4 42. Re1 Rf3 43. Rb1 c6 44. Rb2 Kd7 45. Rd2+ Rd3 46. Rf2 Rg3+
47. Kh2 Rf3 48. Rd2+ Ke6 49. Rd8 Rb3 50. Rh8 e3 51. Kg2 Rxb4 52. Re8+ Kd6 53.
Rxe3 c5 54. Rd3+ Kc6 55. Rf3 Kb5 56. Rxf5 Kxa5 57. Rxc5+ b5 58. Rh5 Rf4 59. Kg1
Ka4 60. Rh8 b4 61. Re8 b3 62. Re1 b2 63. Kg2 Rb4 64. Rb1 Ka3 65. Kf3 Ka2 66. Re1
b1=Q 67. Rxb1 Kxb1 68. Kf2 a5 69. Kg2 Rf4 70. Kg1 a4 71. Kg2 a3 72. Kg1 a2 73.
Kg2 a1=Q 74. Kh2 Qg7 75. Kh1 Rf1+ 76. Kh2 Qg1# 0-1

[Event "Cambridge Int Open 2023"]
[Site "Cambridge ENG"]
[Date "2023.02.16"]
[Round "3.27"]
[White "Krivenko, Dion"]
[Black "Matthews, Adrian M S"]
[Result "1-0"]
[WhiteElo "2155"]
[BlackElo "1781"]
[WhiteFideId "4508378"]
[BlackFideId "413631"]
[EventDate "2023.02.15"]

1. e4 c5 2. Nf3 Nc6 3. Nc3 g6 4. Bc4 Bg7 5. O-O d6 6. Re1 e6 7. d4 cxd4 8. Nb5
Nge7 9. Nfxd4 Nxd4 10. Nxd4 a6 11. c3 O-O 12. Nf3 b5 13. Bb3 Bb7 14. Bf4 d5 15.
e5 Nc6 16. Qd2 Na5 17. Bg5 Qc7 18. Qf4 Nc4 19. Bxc4 Qxc4 20. Nd4 b4 21. Re3 Rfc8
22. h4 bxc3 23. bxc3 Rc7 24. h5 Qc5 25. hxg6 hxg6 26. Bf6 Bxf6 27. exf6 Kf8 28.
Rxe6 Qxc3 29. Qh6+ 1-0

[Event "Cambridge Int Open 2023"]
[Site "Cambridge ENG"]
[Date "2023.02.16"]
[Round "3.28"]
[White "Gardner, Phillip K"]
[Black "Hobson, Kenneth"]
[Result "0-1"]
[WhiteElo "1814"]
[BlackElo "2051"]
[WhiteFideId "413690"]
[BlackFideId "480819"]
[EventDate "2023.02.15"]

1. e4 e5 2. Nf3 Nc6 3. Bc4 Nf6 4. Ng5 d5 5. exd5 Na5 6. Bb5+ c6 7. dxc6 bxc6 8.
Be2 h6 9. Nf3 e4 10. Ne5 Bd6 11. f4 exf3 12. Nxf3 O-O 13. d4 Bb7 14. O-O c5 15.
c3 Rc8 16. Kh1 cxd4 17. cxd4 Qe7 18. Ne5 Nc6 19. Nxc6 Bxc6 20. Bf3 Ne4 21. Qe1
Rfe8 22. Bd2 Qd8 23. Bxe4 Rxe4 24. Qf2 Qh4 25. Qxh4 Rxh4 26. h3 Rxh3+ 27. Kg1
Rd3 28. Bf4 Bxf4 29. Rxf4 Rd1+ 30. Rf1 Rxf1+ 31. Kxf1 Bb5+ 32. Kf2 Rc1 33. Ke3
Bd7 34. Ke4 g6 35. Ke5 Bf5 36. a4 Rxb1 37. Rxb1 Bxb1 38. b4 Bc2 39. a5 Bd3 40.
Kf6 Kf8 41. g3 a6 42. Ke5 Ke7 43. Kd5 Bb5 44. Kc5 h5 0-1

[Event "Cambridge Int Open 2023"]
[Site "Cambridge ENG"]
[Date "2023.02.16"]
[Round "3.29"]
[White "Volovich, Julia"]
[Black "OShea, Colm"]
[Result "0-1"]
[WhiteElo "1830"]
[BlackElo "1677"]
[WhiteFideId "447099"]
[BlackFideId "449660"]
[EventDate "2023.02.15"]

1. d4 d5 2. c4 dxc4 3. e3 e5 4. Bxc4 exd4 5. exd4 Bd6 6. Nf3 Nf6 7. O-O O-O 8.
Nc3 Nc6 9. h3 h6 10. Be3 Bf5 11. Qd2 Qd7 12. Bf4 Bxf4 13. Qxf4 a6 14. a4 Bh7 15.
Rfd1 Nb4 16. d5 Qd6 17. Qd2 Rfe8 18. Bb3 Re7 19. a5 Rae8 20. Ra4 Nd3 21. Bc2 Nc5
22. Bxh7+ Nxh7 23. Rc4 Nb3 24. Qd3 Nf6 25. Na2 Nc5 26. Qd4 Nce4 27. Nb4 Qd8 28.
Rc2 Nd6 29. Rcd2 Nfe4 30. Rd3 Nf5 31. Qc4 Nfd6 32. Qc1 Qd7 33. Nd4 Qa4 34. Rb3
Nb5 35. Qc2 Nxd4 36. Rxd4 Nc5 37. Rc3 Qxc2 38. Nxc2 Ne4 39. Rcd3 Nd6 40. Ne3 h5
41. Rb4 g6 42. Rc3 Kg7 43. Rc5 Kf8 44. g4 hxg4 45. hxg4 Ne4 46. Rbc4 Nxc5 47.
Rxc5 Rd7 48. Kg2 Re4 49. Kf3 Rb4 50. Nc4 Rb5 51. Ne5 Rxd5 52. Rxb5 Rxb5 53. Ke4
Rxb2 0-1

[Event "Cambridge Int Open 2023"]
[Site "Cambridge ENG"]
[Date "2023.02.16"]
[Round "3.30"]
[White "Kovalskyi, Roman"]
[Black "Donnelly, Andrew J"]
[Result "1-0"]
[WhiteElo "2111"]
[BlackElo "1522"]
[WhiteFideId "14184214"]
[BlackFideId "472344"]
[EventDate "2023.02.15"]

1. e4 c5 2. Nf3 a6 3. d4 cxd4 4. Nxd4 Nf6 5. Nc3 e5 6. Nb3 Bb4 7. Bd3 Bxc3+ 8.
bxc3 d5 9. exd5 Qxd5 10. O-O b5 11. Ba3 Bb7 12. f3 Qc6 13. Qe1 Nbd7 14. Kh1 Qc7
15. Rb1 Rc8 16. c4 bxc4 17. Na5 cxd3 18. Nxb7 dxc2 19. Nd6+ Kd8 20. Nxf7+ Ke8
21. Nd6+ Kd8 22. Rb7 c1=Q 23. Qxc1 Qxc1 24. Bxc1 Ke7 25. Nxc8+ Rxc8 26. Ba3+ Ke6
27. Rc1 Rd8 28. Rc6+ Kf5 29. Be7 Rb8 30. Rxb8 Nxb8 31. Rc8 Nbd7 32. Bxf6 gxf6
33. Rc7 Ke6 34. Rc6+ Kd5 35. Rxa6 f5 36. Rh6 e4 37. fxe4+ fxe4 38. Rxh7 Ne5 39.
Rh5 Kd4 40. Rxe5 1-0

[Event "Cambridge Int Open 2023"]
[Site "Cambridge ENG"]
[Date "2023.02.16"]
[Round "3.31"]
[White "Berkley, Stephen W"]
[Black "Jermy, Jaden"]
[Result "0-1"]
[WhiteElo "1615"]
[BlackElo "1798"]
[WhiteFideId "486850"]
[BlackFideId "459496"]
[EventDate "2023.02.15"]

1. d4 f5 2. Nf3 Nf6 3. g3 e6 4. Bg2 Be7 5. O-O O-O 6. c4 d5 7. Nc3 c6 8. b3 Ne4
9. Nxe4 fxe4 10. Ne5 Nd7 11. Nxd7 Bxd7 12. Be3 Bf6 13. Qd2 Be8 14. f3 exf3 15.
Bxf3 Bf7 16. Rad1 Qb6 17. cxd5 exd5 18. Kh1 Bg6 19. Bg5 Rae8 20. Bxf6 Rxf6 21.
Rf2 Qd8 22. Rdf1 Qe7 23. Kg1 Re6 24. Qc1 h6 25. Qd2 Re3 26. Kg2 Qg5 27. Qa5 a6
28. Qb4 R3e7 29. Qd6 Re6 30. Qb4 R8e7 31. Kg1 h5 32. Kg2 h4 33. Qc3 Re3 34. Qd2
hxg3 35. hxg3 Be4 36. Rg1 Rf7 37. Kf1 Bxf3 38. exf3 Rfxf3 0-1

[Event "Cambridge Int Open 2023"]
[Site "Cambridge ENG"]
[Date "2023.02.16"]
[Round "3.32"]
[White "Hutchinson, Paul A"]
[Black "Golsta, Ramona"]
[Result "0-1"]
[WhiteElo "2070"]
[BlackElo "1777"]
[WhiteFideId "411558"]
[BlackFideId "11607394"]
[EventDate "2023.02.15"]

1. d4 f5 2. Bf4 Nf6 3. e3 e6 4. Nf3 d5 5. Be2 Bd6 6. Bxd6 cxd6 7. Nbd2 O-O 8.
O-O Nbd7 9. c4 dxc4 10. Nxc4 Qe7 11. Rc1 b6 12. Qa4 Bb7 13. Qa3 Ne4 14. Nfe5
Nxe5 15. dxe5 Qg5 16. f3 d5 17. Nd6 Nxd6 18. exd6 d4 19. Rc7 Bd5 20. exd4 Qd2
21. Ba6 Qxd4+ 22. Kh1 b5 23. d7 Bc4 24. Rg1 Qb6 25. Rxc4 bxc4 26. Bxc4 Qc6 27.
Qd3 Rad8 28. Rd1 Rf7 29. Bb5 Rfxd7 30. Bxc6 Rxd3 31. Rg1 Rd2 32. b4 Rxa2 33. b5
Rd6 34. Rc1 Rdd2 35. f4 Kf7 36. h3 Rdc2 37. Rd1 a6 38. g4 axb5 39. Bxb5 Rh2+ 40.
Kg1 Rag2+ 41. Kf1 Rd2 42. Rxd2 Rxd2 43. gxf5 exf5 44. Be2 Rd4 45. Kg2 Rxf4 46.
Kg3 Rb4 47. Ba6 Kf6 48. Bc8 Rb3+ 49. Kg2 Kg5 50. Bd7 Kf4 51. Be6 Rb2+ 52. Kg1 g6
53. Bg8 Kg3 54. Kf1 Rb7 0-1

[Event "Cambridge Int Open 2023"]
[Site "Cambridge ENG"]
[Date "2023.02.16"]
[Round "3.33"]
[White "Turner, David J"]
[Black "Larchikov, Maksym"]
[Result "0-1"]
[WhiteElo "1762"]
[BlackElo "1901"]
[WhiteFideId "419737"]
[BlackFideId "34120815"]
[EventDate "2023.02.15"]

1. e4 c5 2. Nf3 d6 3. g3 Nc6 4. Bg2 g6 5. O-O Bg7 6. c3 Bg4 7. h3 Bxf3 8. Qxf3
e6 9. d3 Rb8 10. Qd1 Nge7 11. Bg5 h6 12. Bxe7 Qxe7 13. Nd2 b5 14. f4 O-O 15. e5
d5 16. Rf2 Rfc8 17. Nf1 c4 18. d4 b4 19. Rc1 bxc3 20. bxc3 f6 21. Qa4 fxe5 22.
fxe5 Qd7 23. Ne3 Nxe5 24. Qxd7 Nxd7 25. Nxd5 exd5 26. Bxd5+ Kh7 27. Be6 Rd8 28.
Bxc4 Rbc8 0-1

[Event "Cambridge Int Open 2023"]
[Site "Cambridge ENG"]
[Date "2023.02.16"]
[Round "3.34"]
[White "Pert, Max"]
[Black "Catabay, Mae Katelyn Rose"]
[Result "1-0"]
[WhiteElo "1793"]
[BlackElo "1525"]
[WhiteFideId "456845"]
[BlackFideId "484768"]
[EventDate "2023.02.15"]

1. d4 Nf6 2. Bg5 e6 3. e4 Be7 4. e5 Nd5 5. Bxe7 Qxe7 6. c4 Nb6 7. Nf3 d6 8. exd6
cxd6 9. Nc3 Nc6 10. Be2 Bd7 11. O-O O-O 12. a4 Rac8 13. Re1 Nb4 14. b3 a5 15.
Na2 Nxa2 16. Rxa2 Bc6 17. Qd2 Ra8 18. Qf4 Rfd8 19. Bd3 Bxf3 20. Qxf3 d5 21. c5
Nd7 22. Rae2 Qh4 23. Qe3 Rac8 24. Bb5 Nf6 25. f3 Nh5 26. Qf2 Qxf2+ 27. Kxf2 Nf4
28. Rc2 Ng6 29. g3 Ne7 30. Rb1 Rc7 31. Ke3 Nf5+ 32. Kd3 Rdc8 33. Rbc1 Ne7 34. f4
g6 35. Rb1 b6 36. Rbc1 bxc5 37. Rxc5 Rxc5 38. Rxc5 Rxc5 39. dxc5 Kf8 40. c6 Nf5
41. c7 1-0

[Event "Cambridge Int Open 2023"]
[Site "Cambridge ENG"]
[Date "2023.02.16"]
[Round "3.37"]
[White "Patel, Zain"]
[Black "Kaushik, Madhav"]
[Result "1-0"]
[WhiteElo "1890"]
[BlackElo "1443"]
[WhiteFideId "469246"]
[BlackFideId "499986"]
[EventDate "2023.02.15"]

1. d4 Nf6 2. Nf3 d5 3. c4 e6 4. Nc3 Bb4 5. Qa4+ Nc6 6. e3 O-O 7. Bd2 dxc4 8.
Bxc4 Bd6 9. Qc2 e5 10. dxe5 Nxe5 11. Nxe5 Bxe5 12. O-O-O Qe7 13. Kb1 a6 14. h3
Be6 15. Bd3 c5 16. f4 Bxc3 17. Bxc3 c4 18. Be2 Rfd8 19. e4 b5 20. f5 Bc8 21.
Rxd8+ Qxd8 22. Rd1 Qe7 23. e5 Ne8 24. Rd4 Qxe5 25. Re4 1-0

[Event "Cambridge Int Open 2023"]
[Site "Cambridge ENG"]
[Date "2023.02.16"]
[Round "3.38"]
[White "Chantrell, Paul"]
[Black "Brocklehurst, Andrew"]
[Result "0-1"]
[WhiteElo "1572"]
[BlackElo "1816"]
[WhiteFideId "451967"]
[BlackFideId "424765"]
[EventDate "2023.02.15"]

1. e4 c5 2. Nf3 Nc6 3. d4 cxd4 4. Nxd4 e5 5. Nb5 d6 6. N1c3 a6 7. Na3 Nf6 8. Bg5
Be7 9. Bxf6 Bxf6 10. Nd5 O-O 11. c3 Be6 12. Nc4 b5 13. Nce3 Bg5 14. g3 Bxe3 15.
Nxe3 b4 16. Bg2 Qa5 17. Nd5 bxc3 18. Nxc3 Rab8 19. O-O Rxb2 20. Qxd6 Qxc3 21.
Rac1 Rc2 0-1